[Event "45th Olympiad 2024"]
[Site "Budapest HUN"]
[Date "2024.09.12"]
[Round "2.32"]
[Board "2"]
[White "Kacharava, Nikolozi"]
[Black "Valdes Romero, Leonardo"]
[Result "1-0"]
[WhiteElo "2511"]
[BlackElo "2347"]
[PlyCount "73"]
[EventDate "2024.09.11"]
[WhiteTeam "Georgia"]
[BlackTeam "Costa Rica"]
[WhiteTeamCountry "GEO"]
[BlackTeamCountry "CRI"]

1. e4 e5 2. Nf3 Nf6 3. Nxe5 d6 4. Nf3 Nxe4 5. d4 d5 6. Bd3 Nc6 7. O-O Be7 8. Nbd2 Bf5 9. Re1 Nxd2 10. Qxd2 Bxd3 11. Qxd3 O-O 12. c3 Qd7 ({RR} 12... h6 13. Bf4 Bd6 14. Bg3 Qd7 15. Re3 Rfe8 16. Rae1 Rxe3 17. Rxe3 a6 18. Bxd6 Qxd6 19. Nh4 Qd7 20. Qf5 Rd8 21. Qxd7 Rxd7 22. Re8+ Kh7 23. Rc8 Ne7 24. Rb8 c5 25. Nf3 Nc6 26. Rc8 cxd4 27. Nxd4 {½-½ Karjakin,S (2753)-Mamedyarov,S (2804) Tata Steel-A 80th 2018 (4)}) 13. Bf4 a6 14. Re2 b5 $146 ({RR} 14... Rae8 15. Rae1 Bd8 16. h3 Rxe2 17. Qxe2 f6 18. Nd2 Rf7 19. Qe8+ Qxe8 20. Rxe8+ Rf8 21. Re2 Kf7 22. Nb3 b6 23. Nc1 Re8 24. Kf1 Rxe2 25. Kxe2 Ne7 26. Nd3 a5 27. a4 Ke6 28. g4 Kd7 29. Bg3 {1-0 Almasi,Z (2640)-Ivanchuk,V (2717) Amber-blindfold 10th rapid 2001 (11)}) ({RR} 14... Rae8 15. Rae1 Bd8 16. h4 f6 17. Nd2 Rxe2 18. Qxe2 a5 19. Nb3 b6 20. Na1 Ne7 21. Nc2 Re8 22. h5 Kf7 23. g4 g5 24. Bg3 f5 25. Qd3 Kg8 26. gxf5 Rf8 27. Ne3 Nxf5 28. Nxf5 Rxf5 29. Qe2 {½-½ Volokitin,A (2660)-Kadric,D (2553) 45th Olympiad 2024 (6.12)}) ({RR} 14... Rae8 15. Rae1 Bd8 16. Nd2 Rxe2 17. Qxe2 Be7 18. Nb3 Rb8 19. h3 h6 20. Qg4 Qxg4 21. hxg4 Bd6 22. Bxd6 cxd6 23. Nc1 Kf8 24. Kf1 b5 25. a3 Re8 26. Rxe8+ Kxe8 27. Nd3 {½-½ Brkic,A (2569)-Jovanic,O (2477) Zadar op-A 2016 (9)}) 15. a4 Rab8 16. axb5 axb5 17. h4 h6 18. h5 Rfc8 19. Ra6 Bf8 20. Bg3 b4 21. c4 b3 22. Qc3 Ne7 23. Ra5 Re8 24. Ra7 Rec8 25. c5 Qb5 26. Re1 Rb7 27. Rxb7 Qxb7 28. Ne5 f6 29. Ng6 Nxg6 30. hxg6 Rb8 31. Qe3 Qc6 32. Qe6+ Qxe6 33. Rxe6 Rc8 34. Re3 f5 35. Rxb3 Be7 36. Rb7 Bd8 37. Be5 1-0

[Event "45th Olympiad 2024"]
[Site "Budapest HUN"]
[Date "2024.09.12"]
[Round "2.33"]
[Board "1"]
[White "Peralta, Fernando"]
[Black "Xie, Felix"]
[Result "1-0"]
[WhiteElo "2558"]
[BlackElo "2320"]
[PlyCount "113"]
[EventDate "2024.09.11"]
[WhiteTeam "Argentina"]
[BlackTeam "New Zealand"]
[WhiteTeamCountry "ARG"]
[BlackTeamCountry "NZL"]

1. d4 Nf6 2. c4 e6 3. Nc3 Bb4 4. e3 O-O 5. Bd3 c5 6. Nge2 d5 7. cxd5 cxd4 8. exd4 Nxd5 9. a3 Ba5 ({RR} 9... Bd6 10. Qc2 h6 11. O-O Nc6 12. Rd1 Nxc3 13. Nxc3 Ne7 14. Qe2 Re8 15. Qe4 Ng6 16. Be3 a6 17. g3 f5 18. Qf3 Rb8 19. Qh5 Ne7 20. d5 e5 21. Ba7 Ra8 22. Bb6 g6 23. Bxd8 gxh5 24. Bb6 {½-½ So,W (2810)-Anand,V (2783) Leon 30th rapid 2017 (2.3)}) 10. Bb1 $146 ({RR} 10. O-O Nc6 11. Bc2 Bc7 12. Qd3 Qh4 13. h3 Nf6 14. Be3 Rd8 15. Qd2 h6 16. f4 Nd5 17. Bf2 Qf6 18. Rad1 Nxc3 19. bxc3 Ne7 20. g4 Bd7 21. Bg3 g6 22. g5 Qh8 23. f5 Bxg3 24. fxg6 Bd6 {1-0 Robson,R (2696)-Dominguez Perez,L (2749) American Cup Champ 2024 (1.3)}) ({RR} 10. O-O Nc6 11. Bc2 Bc7 12. Qd3 Qh4 13. h3 Rd8 14. Nxd5 Rxd5 15. Be3 Rd8 16. Rac1 Bd7 17. Bb1 Bd6 18. Qe4 Qxe4 19. Bxe4 f5 20. Bf3 Ne7 21. Rfd1 Bc6 22. Bxc6 Nxc6 23. Kf1 Kf7 24. d5 exd5 {½-½ Robson,R (2696)-So,W (2757) American Cup Champ 2024 (2.3)}) 10... Nc6 11. Qd3 f5 12. O-O Nce7 13. Ba2 Bc7 14. Re1 b6 15. Bg5 h6 16. Bxd5 exd5 17. Bxe7 Qxe7 18. Nxd5 Qd6 19. Nxc7 Qxc7 20. d5 Bb7 21. d6 Qc6 22. Nf4 Rad8 23. Qb3+ Kh7 24. Rac1 Rfe8 25. Qf7 Rxe1+ 26. Rxe1 Rxd6 27. Qxf5+ Kg8 28. f3 Qc5+ 29. Qxc5 bxc5 30. Ne6 c4 31. Nc5 Bc6 32. Ne4 Bxe4 33. Rxe4 Rc6 34. Kf1 Kf7 35. Ke1 Rb6 36. Rxc4 Rxb2 37. Kf1 Rb7 38. Rc6 a5 39. Rc5 Ra7 40. a4 Ke6 41. h4 Kf6 42. h5 Ra6 43. Kf2 Ke6 44. Rb5 Kf6 45. g4 Ke6 46. Ke3 Kf6 47. Kd4 g6 48. hxg6 Kxg6 49. Ke4 Ra8 50. Kf4 Rf8+ 51. Kg3 Ra8 52. f4 Ra6 53. Kh4 Kf6 54. Kh5 Kg7 55. Rb7+ Kg8 56. f5 Kh8 57. Re7 1-0

[Event "45th Olympiad 2024"]
[Site "Budapest HUN"]
[Date "2024.09.12"]
[Round "2.34"]
[Board "2"]
[White "Macovei, Andrei"]
[Black "Kozusek, Daniel"]
[Result "1-0"]
[WhiteElo "2464"]
[BlackElo "2367"]
[PlyCount "95"]
[EventDate "2024.09.11"]
[WhiteTeam "Moldova"]
[BlackTeam "Wales"]
[WhiteTeamCountry "MDA"]
[BlackTeamCountry "WLS"]

1. e4 c6 2. d4 d5 3. e5 c5 4. c3 Nc6 5. Be2 cxd4 6. cxd4 Bf5 7. Nf3 e6 8. O-O Nge7 9. Nc3 Bg4 10. Nh4 Bxe2 11. Nxe2 Ng6 12. Nf3 Be7 13. g3 f6 ({RR} 13... Qb6 14. h4 h6 15. b3 Rc8 16. Be3 Ba3 17. Bc1 Qa5 18. Bxa3 Qxa3 19. Qd2 O-O 20. Kg2 Qb4 21. Rfd1 Rc7 22. Ne1 Nge7 23. Nd3 Qxd2 24. Rxd2 Nf5 25. Rc1 Rcc8 26. Ne1 Nb4 27. a3 Rxc1 28. Nxc1 {½-½ Ahmed,W (1936)-Exler,V (2176) Olympiad Women 2024 (4.19)}) 14. Nf4 Nxf4 15. Bxf4 f5 $146 ({RR} 15... O-O 16. Re1 f5 17. h4 Rc8 18. Rc1 Qb6 19. Re2 Rc7 20. Rec2 Rfc8 21. Kg2 Na5 22. Rxc7 Rxc7 23. Qa4 Rc6 24. Rxc6 Nxc6 25. Qc2 h6 26. Be3 Qd8 27. Qd2 Kh7 28. Qc2 Kg8 29. Qd2 Kh7 30. Qc2 {½-½ Eric,J (2217)-Blagojevic,T (2203) 54th Belgrade WGM 2023 (2.4)}) 16. h4 h6 17. Qd2 O-O 18. Kg2 Qe8 19. Rac1 Rc8 20. a3 Rc7 21. Be3 Qh5 22. Rh1 Rfc8 23. Ne1 b6 24. b4 a5 25. Nd3 axb4 26. axb4 Qf7 27. Ra1 Na7 28. Ra6 Rc2 29. Qd1 Bd8 30. Nc5 Rc4 31. Nxe6 Qxe6 32. Rxa7 Rxb4 33. Qf3 b5 34. Rha1 Bb6 35. R1a6 Rc6 36. Ra8+ Kh7 37. Rf8 Ra4 38. Rxa4 bxa4 39. Rxf5 a3 40. Rf8 a2 41. Ra8 Ba7 42. Qf8 a1=Q 43. h5 Rc8 44. Rxc8 Qxc8 45. Qxc8 Bxd4 46. Qf5+ Kh8 47. Bxd4 Qxd4 48. e6 1-0

[Event "45th Olympiad 2024"]
[Site "Budapest HUN"]
[Date "2024.09.12"]
[Round "2.34"]
[Board "3"]
[White "Toczek, Grzegorz"]
[Black "Lashkin, Jegor"]
[Result "0-1"]
[WhiteElo "2301"]
[BlackElo "2472"]
[PlyCount "122"]
[EventDate "2024.09.11"]
[WhiteTeam "Wales"]
[BlackTeam "Moldova"]
[WhiteTeamCountry "WLS"]
[BlackTeamCountry "MDA"]

1. d4 Nf6 2. Nf3 d5 3. Bf4 e6 4. e3 c5 5. c3 Nc6 6. Nbd2 Nh5 7. Bg3 Nxg3 8. hxg3 Qb6 ({RR} 8... Bd7 9. a3 cxd4 10. cxd4 Bd6 11. Rc1 Rc8 12. Nb3 b6 13. Ba6 Rc7 14. Nbd2 f5 15. Nb1 O-O 16. Nc3 Na5 17. Ne5 Be8 18. b4 Bxe5 19. dxe5 Nc4 20. Bxc4 Rxc4 21. Ne2 Re4 22. Qc2 Rxe5 23. Qc7 {0-1 Fernandez,D (2498)-Saric,I (2674) 23rd ch-EUR Indiv 2023 (8.35)}) 9. Qb3 ({RR} 9. Rb1 g6 10. Bd3 cxd4 11. exd4 Bg7 12. Qe2 Qc7 13. Nf1 O-O 14. Ne3 f5 15. Ng5 h6 16. Nf3 Bd7 17. O-O g5 18. Bc2 b5 19. Qd3 Ne7 20. Rfe1 Be8 21. Ng4 Bh5 22. Nge5 g4 23. Nd2 Nc6 {1-0 Camino Carrio,N (1962)-Estremera Panos,S (2233) 16th Montalvo Mem 2024 (6.19)}) 9... Bd7 10. O-O-O $146 ({RR} 10. Be2 Be7 11. O-O Qxb3 12. Nxb3 c4 13. Nbd2 h5 14. Kh2 h4 15. gxh4 Bxh4 16. Nxh4 Rxh4+ 17. Kg3 Rh6 18. f3 O-O-O 19. Rh1 Rdh8 20. Rxh6 Rxh6 21. f4 Ne7 22. e4 f6 23. Re1 Nc6 24. exd5 exd5 {1-0 Mwango,L (1920)-Saraci,R (1494) Olympiad Women-44 2022 (4.1)}) ({RR} 10. Bd3 c4 11. Qxb6 axb6 12. Bc2 f5 13. Ke2 Bd6 14. a3 h6 15. Rh5 g6 16. Rh3 Kf7 17. Rah1 Kg7 18. Rh4 g5 19. Rh5 Be8 20. R5h2 g4 21. Nh4 Ne7 22. Re1 Ba4 23. Bb1 Ra5 24. Nf1 Rb5 {0-1 Nilsson,A (2197)-Tikkanen,H (2499) Vaxjo op 2018 (4)}) 10... Be7 11. Be2 O-O-O 12. Qxb6 axb6 13. a3 h6 14. Bd3 Kc7 15. Kb1 Bf6 16. Bc2 Ra8 17. Nb3 Be7 18. Nc1 b5 19. dxc5 Bxc5 20. Nd4 Na7 21. f4 Be7 22. Nd3 Nc8 23. f5 Bd6 24. Nf4 Re8 25. fxe6 fxe6 26. Bg6 Re7 27. e4 dxe4 28. Bxe4 Nb6 29. Ng6 Rf7 30. Rh5 Ra5 31. Nb3 Ra4 32. Nd4 Bxg3 33. Bd3 Rf6 34. Ne5 Be8 35. Nxb5+ Kb8 36. Bc2 Bxb5 37. Bxa4 Bxa4 38. Rd8+ Kc7 39. Rg8 g5 40. Ng4 Rf1+ 41. Ka2 Bc2 42. Ne3 Bb1+ 43. Kb3 Rf6 44. Rh8 Bf4 45. Ng4 Rf5 46. a4 Ra5 47. R5xh6 Rxa4 48. Nf6 Ra5 49. Kb4 Ra2 50. Ne8+ Kd7 51. b3 Nd5+ 52. Kc4 Be5 53. Rg8 Ra6 54. Rh3 Rc6+ 55. Kb5 Nxc3+ 56. Kb4 Nd5+ 57. Kb5 g4 58. Rxg4 Bf5 59. Rg5 Bxh3 60. Rxe5 Bxg2 61. Ng7 Bf1+ 0-1

[Event "45th Olympiad 2024"]
[Site "Budapest HUN"]
[Date "2024.09.12"]
[Round "2.34"]
[Board "4"]
[White "Bologan, Victor"]
[Black "Blackburn, Jonathan L B"]
[Result "1-0"]
[WhiteElo "2598"]
[BlackElo "2202"]
[PlyCount "87"]
[EventDate "2024.09.11"]
[WhiteTeam "Moldova"]
[BlackTeam "Wales"]
[WhiteTeamCountry "MDA"]
[BlackTeamCountry "WLS"]

1. e4 e6 2. d4 d5 3. Nc3 Bb4 4. e5 c5 5. a3 Bxc3+ 6. bxc3 Nc6 7. h4 Bd7 ({RR} 7... f6 8. Qg4 fxe5 9. Qxg7 Qf6 10. Qxf6 Nxf6 11. Bb5 Bd7 12. Bxc6 Bxc6 13. dxe5 Nd7 14. Bf4 O-O-O 15. Ne2 Rdf8 16. Rh3 Bb5 17. Bh2 Rhg8 18. Rg3 Rxg3 19. Bxg3 Rf5 20. f4 Rf8 21. Ng1 Rg8 22. Kf2 {1-0 Gashimov,V (2733)-Korobov,A (2684) EU-ch blitz 29th 2010 (6)}) 8. Qg4 ({RR} 8. h5 Qa5 9. Bd2 O-O-O 10. a4 f6 11. Nf3 fxe5 12. dxe5 Nh6 13. g3 Rdf8 14. Bh3 Nf5 15. O-O h6 16. c4 Qc7 17. cxd5 exd5 18. Re1 Be6 19. Bf4 Qd7 20. c3 Rhg8 21. Bxf5 Rxf5 22. Nh4 Rf7 {0-1 Hrebenshchykova,Y (2282)-Livaic,L (2561) Titled Tue 13th Feb Late 2024 (1)}) 8... g6 9. h5 Nge7 10. Qd1 $146 ({RR} 10. hxg6 fxg6 11. Nf3 Qa5 12. Bd2 O-O-O 13. c4 Qa4 14. cxd5 Nxd4 15. Nxd4 Qxd4 16. Qxd4 cxd4 17. Bg5 Rde8 18. d6 Nd5 19. Rd1 Ba4 20. Rxd4 Nb6 21. Bf6 Rhg8 22. Rxh7 {1-0 Feliciano Ebert,V (2173)-Dos Santos,O (1830) Campos Novos op 2011 (4)}) 10... Qa5 11. Bd2 O-O-O 12. Nf3 h6 13. a4 g5 14. Bb5 Qc7 15. O-O Rdf8 16. Bc1 f5 17. exf6 Rxf6 18. Nh2 Be8 19. dxc5 Rhf8 20. Be2 Rxf2 21. Rxf2 Rxf2 22. Kxf2 Qxh2 23. Ra3 Nf5 24. c4 Qh4+ 25. Kg1 Ng3 26. Bg4 Qh1+ 27. Kf2 Ne4+ 28. Ke3 Qxg2 29. cxd5 Nb4 30. Bf3 Qf2+ 31. Kxe4 exd5+ 32. Ke5 Nc6+ 33. Kxd5 Bf7+ 34. Ke4 Qxc5 35. Bg4+ Kb8 36. Rd3 Qb4+ 37. Kf3 Ne5+ 38. Kg3 Nxd3 39. Qxd3 Qe7 40. Be3 Qe5+ 41. Kh3 Bd5 42. Qd4 Qxd4 43. Bxd4 Bc6 44. a5 1-0

[Event "45th Olympiad 2024"]
[Site "Budapest HUN"]
[Date "2024.09.12"]
[Round "2.35"]
[Board "1"]
[White "Quesada Perez, Luis Ernesto"]
[Black "Barrish, Daniel"]
[Result "1-0"]
[WhiteElo "2578"]
[BlackElo "2281"]
[PlyCount "113"]
[EventDate "2024.09.11"]
[WhiteTeam "Cuba"]
[BlackTeam "South Africa"]
[WhiteTeamCountry "CUB"]
[BlackTeamCountry "RSA"]

1. d4 Nf6 2. Nf3 e6 3. Bf4 d5 4. e3 Bd6 5. Nbd2 O-O 6. Bd3 b6 7. Qe2 Bb7 8. Bg3 ({RR} 8. c3 c5 9. Ne5 Nc6 10. Ndf3 Qc7 11. Nxc6 Bxc6 12. Bxd6 Qxd6 13. Ne5 Rab8 14. a4 Nd7 15. f4 f5 16. g4 Nxe5 17. fxe5 Qe7 18. gxf5 exf5 19. Qg2 Qh4+ 20. Qg3 Qxg3+ 21. hxg3 g6 22. Bb5 Rbc8 {½-½ Xiong,J (2710)-Svidler,P (2714) Saint Louis Rapid 2021 (6)}) ({RR} 8. O-O Nbd7 9. Ne5 g6 10. c4 Nh5 11. Bh6 Re8 12. f4 c5 13. Rad1 cxd4 14. exd4 dxc4 15. Ndxc4 Bc7 16. Bc2 b5 17. Ne3 a6 18. Qg4 Ndf6 19. Qh3 Nd5 20. Rf3 Nxe3 21. Rxe3 Bxe5 22. fxe5 Rc8 {1-0 Hambleton,A (2420)-Sahib,S (2290) Titled Tue 13th Feb Early 2024 (11)}) 8... Ne4 9. Rd1 $146 ({RR} 9. Bxd6 cxd6 10. O-O Nd7 11. c4 Nxd2 12. Nxd2 dxc4 13. Nxc4 Nf6 14. Rfd1 Rc8 15. Rac1 Qe7 16. b3 g6 17. Qb2 h5 18. Qa3 Rfd8 19. Qxa7 Ra8 20. Qxb6 Rxa2 21. Ra1 Nd5 22. Qxd8+ Qxd8 23. Rxa2 Nc3 {0-1 Sukandar,I (2365)-Blanco Ronquillo,H (2442) Titled Tue 24th Oct Late 2023 (1)}) 9... Nd7 10. Ba6 Bxa6 11. Qxa6 Nxg3 12. hxg3 f5 13. c4 c6 14. Rc1 Nf6 15. c5 Bc7 16. Qb7 Qd7 17. cxb6 axb6 18. Qxc6 Qxc6 19. Rxc6 Rxa2 20. Ke2 Bd8 21. Rb1 Re8 22. Ng5 e5 23. dxe5 Ng4 24. Re6 Rxe6 25. Nxe6 Be7 26. Nf4 Nxe5 27. Nxd5 Bc5 28. Nc3 Ra8 29. Nf3 Nxf3 30. gxf3 Kf7 31. g4 fxg4 32. fxg4 Re8 33. Ra1 Kg6 34. Ra7 Bd4 35. Rd7 Bf6 36. Rd6 Kg5 37. Kf3 Bxc3 38. bxc3 Rc8 39. Kg3 g6 40. f4+ Kh6 41. Rd7 g5 42. f5 Rxc3 43. Kf2 Rc4 44. Kf3 b5 45. e4 b4 46. e5 Rf4+ 47. Ke3 b3 48. e6 b2 49. Rb7 Rf1 50. Rxb2 Kg7 51. Ke4 Kf6 52. Rb7 Re1+ 53. Kf3 h6 54. Rf7+ Ke5 55. e7 Kd6 56. f6 Re6 57. Rf8 1-0

[Event "45th Olympiad 2024"]
[Site "Budapest HUN"]
[Date "2024.09.12"]
[Round "2.35"]
[Board "2"]
[White "Karsten, Jan"]
[Black "Berdayes Ason, Dylan Isidro"]
[Result "1-0"]
[WhiteElo "2311"]
[BlackElo "2474"]
[PlyCount "137"]
[EventDate "2024.09.11"]
[WhiteTeam "South Africa"]
[BlackTeam "Cuba"]
[WhiteTeamCountry "RSA"]
[BlackTeamCountry "CUB"]

1. e4 c6 2. d4 d5 3. e5 Bf5 4. h4 h5 5. Bd3 Qd7 ({RR} 5... Bxd3 6. Qxd3 Qa5+ 7. Nd2 e6 8. Ngf3 Qa6 9. c4 Nh6 10. O-O Nd7 11. b3 Nf5 12. a4 Rd8 13. Qc2 Be7 14. Ba3 Bxa3 15. Rxa3 Qb6 16. a5 Nxd4 17. axb6 Nxc2 18. Rxa7 Rb8 19. c5 Nb4 20. Ra4 {1-0 Shirov,A (2668)-Bareev,E (2631) Canadian Open 2023 (8.2)}) 6. c3 ({RR} 6. Nc3 g6 7. Nce2 Nh6 8. Ng3 Bxd3 9. Qxd3 c5 10. dxc5 Nc6 11. Bxh6 Bxh6 12. Nf3 Bf4 13. O-O Nxe5 14. Nxe5 Bxe5 15. Rad1 Rd8 16. c4 Qc7 17. cxd5 Qxc5 18. Rfe1 Bxg3 19. Qxg3 O-O 20. Re5 Qd6 {½-½ Klabis,R (2420)-Berdayes Ason,D (2509) 47th Sitges Open 2023 (6.2)}) 6... Nh6 $146 ({RR} 6... Bxd3 7. Qxd3 e6 8. Nf3 Ne7 9. Bg5 Nf5 10. Nbd2 c5 11. O-O Nc6 12. a3 Be7 13. Rfe1 Bxg5 14. hxg5 c4 15. Qc2 g6 16. g3 O-O-O 17. b3 cxb3 18. Nxb3 Qc7 19. Reb1 Nfe7 20. a4 Nb4 21. Qb2 {0-1 Czopor,M (2361)-Janik,I (2511) IV Mindsports Int Open 2024 (9.4)}) ({RR} 6... Bxd3 7. Qxd3 e6 8. Nf3 Nh6 9. Bxh6 Rxh6 10. O-O c5 {½-½ Schulze,T (2285)-Abel,D (2440) Hannover Bezirks-ch A 2019 (6.1)}) 7. Ne2 g6 8. Bg5 Bg7 9. Bxf5 Qxf5 10. Qb3 Qd7 11. e6 Qxe6 12. Qxb7 Qd7 13. Qxa8 O-O 14. O-O Na6 15. Qxf8+ Bxf8 16. Nd2 Nf5 17. Nf3 f6 18. Bf4 Nc7 19. Rfe1 Ne6 20. Bd2 Qb7 21. b3 Qc7 22. g3 Kf7 23. Nf4 Nxf4 24. Bxf4 Qa5 25. Bd2 Qa6 26. Kg2 Nd6 27. Bf4 Nf5 28. Nd2 Qd3 29. Rac1 Ng7 30. Bh6 Ne6 31. Be3 Ng7 32. Nf3 Nf5 33. Bf4 Bg7 34. c4 Bf8 35. cxd5 cxd5 36. Rc7 Nxd4 37. Nxd4 Qxd4 38. Be3 Qb4 39. Rd1 a6 40. Rd7 Ke6 41. Ra7 Qa5 42. Rd2 Kf7 43. Kh2 Qb5 44. Rc7 Ke6 45. Rc5 Qb7 46. Bf4 Kf5 47. Rcxd5+ e5 48. Be3 Bb4 49. Rd1 Qc6 50. Rd7 Qc2 51. Ra1 Qb2 52. Rdd1 g5 53. hxg5 fxg5 54. Kg2 Qc2 55. Rac1 Qxa2 56. Rh1 Qe2 57. Rc7 Ba5 58. Rh7 h4 59. gxh4 Qg4+ 60. Kh2 e4 61. Rc1 Bb4 62. Rh6 Qf3 63. hxg5 Ke5 64. Rcc6 Kd5 65. Rxa6 Qg4 66. Rab6 Qd7 67. Rxb4 Ke5 68. Rc4 Kf5 69. Kg3 1-0

[Event "45th Olympiad 2024"]
[Site "Budapest HUN"]
[Date "2024.09.12"]
[Round "2.36"]
[Board "2"]
[White "Petrov, Nikita"]
[Black "Djabri, Massinas"]
[Result "1/2-1/2"]
[WhiteElo "2574"]
[BlackElo "2280"]
[PlyCount "149"]
[EventDate "2024.09.11"]
[WhiteTeam "Montenegro"]
[BlackTeam "Algeria"]
[WhiteTeamCountry "MNE"]
[BlackTeamCountry "ALG"]

1. d4 Nf6 2. Nf3 e6 3. Bg5 d5 4. Nbd2 Be7 5. e3 h6 6. Bh4 Nbd7 7. Bd3 b6 8. O-O Bb7 9. c4 O-O 10. cxd5 ({RR} 10. Re1 c5 11. cxd5 Nxd5 12. Bxe7 Qxe7 13. Nc4 Rfd8 14. Nfe5 Nxe5 15. Nxe5 cxd4 16. exd4 Nf6 17. Rc1 Rac8 18. Rxc8 Rxc8 19. Bb1 Qb4 20. b3 Rd8 21. Nc4 Qc3 22. Re3 Rxd4 23. Qf1 Qb4 24. a3 Qc5 {1-0 Bashirli,S (1894)-Feliz,D (2013) Titled Tue 10th Sep Early 2024 (10)}) 10... exd5 11. Rc1 c5 12. Bf5 $146 ({RR} 12. Re1 Ne4 13. Bxe7 Qxe7 14. Bb5 Ndf6 15. Ne5 Rac8 16. Bf1 Nxd2 17. Qxd2 Ne4 18. Qe2 cxd4 19. exd4 Qb4 20. Rcd1 Rc7 21. Qb5 Qxb5 22. Bxb5 Rc2 23. Nd3 a6 24. Bd7 Bc8 25. Bxc8 Rfxc8 {½-½ Haddad Filho,P (1972)-De Carvalho,I (1840) Batatais op 2nd 2011 (6)}) ({RR} 12. Bb1 Ne4 13. Bg3 Nxg3 14. hxg3 Nf6 15. Ne5 Bd6 16. Ng4 cxd4 17. exd4 Nxg4 18. Qxg4 Rc8 19. Nf3 Qf6 20. Qd7 Qe7 21. Qf5 g6 22. Qg4 Kg7 23. Nh4 Qg5 24. Qxg5 hxg5 25. Nf3 f6 26. Bd3 Rxc1 {1-0 Just,W (2183)-Kaiser,M (1792) Leipzig VfB op 13th 2006 (1)}) 12... Ne4 13. Bxe7 Qxe7 14. Bxd7 Qxd7 15. dxc5 Nxc5 16. Nb3 Rac8 17. Re1 Rfe8 18. Nbd4 a5 19. Rc3 b5 20. Qc2 Ne4 21. Rxc8 Rxc8 22. Qb3 b4 23. a3 Nc5 24. Qd1 Ba6 25. Qb1 Bd3 26. Ne5 Bxb1 27. Nxd7 Nxd7 28. Rxb1 bxa3 29. bxa3 Rc3 30. Nb5 Rc2 31. h3 Ra2 32. Rc1 Ne5 33. Rd1 Nc4 34. Rd3 g6 35. Rxd5 Nxa3 36. Nxa3 Rxa3 37. g4 Ra1+ 38. Kg2 a4 39. Ra5 a3 40. Ra7 a2 41. Kf3 Kg7 42. h4 Kf6 43. Ra6+ Kg7 44. Kg2 Kg8 45. h5 gxh5 46. gxh5 Kg7 47. Kf3 Rh1 48. Rxa2 Rxh5 49. e4 Rh3+ 50. Kg4 Rh2 51. Kg3 Rh1 52. f4 Rg1+ 53. Kf3 Rf1+ 54. Kg4 Rg1+ 55. Kf5 Rg6 56. e5 Rg1 57. Re2 Rg6 58. Ke4 Rg4 59. Kf3 h5 60. f5 Ra4 61. Rg2+ Kf8 62. Rb2 Ke7 63. Rb7+ Ke8 64. Rb1 Ke7 65. Re1 f6 66. e6 Ra5 67. Kf4 Ra4+ 68. Re4 Ra1 69. Re2 Ra4+ 70. Re4 Ra1 71. Rb4 Rf1+ 72. Ke4 Re1+ 73. Kd4 Re5 74. Rb7+ Ke8 75. Rb8+ 1/2-1/2

[Event "45th Olympiad 2024"]
[Site "Budapest HUN"]
[Date "2024.09.12"]
[Round "2.37"]
[Board "1"]
[White "Kuybokarov, Temur"]
[Black "Mandizha, Farai"]
[Result "1-0"]
[WhiteElo "2562"]
[BlackElo "2371"]
[PlyCount "71"]
[EventDate "2024.09.11"]
[WhiteTeam "Australia"]
[BlackTeam "Zimbabwe"]
[WhiteTeamCountry "AUS"]
[BlackTeamCountry "ZIM"]

1. e4 c5 2. Nf3 d6 3. d4 cxd4 4. Nxd4 Nf6 5. Nc3 a6 6. h3 e5 7. Nb3 Be6 8. f4 Qc7 ({RR} 8... Nbd7 9. f5 Bxb3 10. axb3 d5 11. exd5 Bb4 12. Bd2 O-O 13. Be2 Bc5 14. Bg5 h6 15. Bh4 b5 16. Qd2 Qb6 17. d6 Bd4 18. Rf1 Rac8 19. Bf2 Bxf2+ 20. Rxf2 b4 21. Nd5 Nxd5 22. Qxd5 Rxc2 23. Kf1 {½-½ Sindarov,J (2674)-Sarana,A (2717) CrunchLabs Masters PlayIn 2024 (7)}) 9. g4 exf4 ({RR} 9... h6 10. Bg2 Nbd7 11. f5 Bxb3 12. axb3 Rc8 13. Be3 Be7 14. h4 h5 15. g5 Ng4 16. Bg1 d5 17. Qxd5 Bb4 18. O-O-O Nb8 19. Rh3 O-O 20. Qd3 Qa5 21. Na4 Rc6 22. Kb1 b5 23. Nc3 Bxc3 24. bxc3 {1-0 Wang,T (2386)-Fodor,B (2244) Budapest 1 Week Aug IMA 2024 (3.5)}) 10. Bxf4 Nc6 11. g5 $146 ({RR} 11. Qd2 Ne5 12. O-O-O Rc8 13. Nd4 Be7 14. Nf5 Bxf5 15. exf5 h6 16. Be2 b5 17. a3 O-O 18. h4 Nexg4 19. Bxg4 Nxg4 20. Nd5 Qd7 21. Qe2 Ne5 22. Bxe5 Rfe8 23. Qg2 {1-0 Hossain,E (2402)-Ghosh,C (2001) Dhaka Sheikh Hasina op 2021 (8)}) 11... Nd7 12. Qd2 Nce5 13. O-O-O Rc8 14. Nd4 Qa5 15. Kb1 Bc4 16. Nb3 Qc7 17. h4 b5 18. Bh3 Rd8 19. Nd5 Bxd5 20. exd5 Be7 21. Nd4 O-O 22. h5 Nc4 23. Qe2 Ndb6 24. Bc1 Nxd5 25. Qe4 Ndb6 26. Bf5 d5 27. Bxh7+ Kh8 28. Qg2 Na4 29. g6 Ncxb2 30. h6 Bf6 31. hxg7+ Bxg7 32. gxf7 Rxf7 33. Bg6+ Kg8 34. Bxf7+ Qxf7 35. Bxb2 b4 36. Nf5 1-0

[Event "45th Olympiad 2024"]
[Site "Budapest HUN"]
[Date "2024.09.12"]
[Round "2.37"]
[Board "3"]
[White "Zhao, Zong-Yuan"]
[Black "Mwadzura, Roy"]
[Result "1-0"]
[WhiteElo "2478"]
[BlackElo "2229"]
[PlyCount "147"]
[EventDate "2024.09.11"]
[WhiteTeam "Australia"]
[BlackTeam "Zimbabwe"]
[WhiteTeamCountry "AUS"]
[BlackTeamCountry "ZIM"]

1. d4 e6 2. Nf3 Nf6 3. Bf4 c5 4. e3 Nc6 5. Nbd2 d5 6. c3 Bd6 7. Bg3 Bxg3 8. hxg3 Qe7 9. Bb5 ({RR} 9. Ne5 Nd7 10. Qg4 Ndxe5 11. dxe5 f5 12. exf6 gxf6 13. Bd3 Bd7 14. Qh5+ Kd8 15. O-O-O Kc7 16. Nf3 Raf8 17. e4 d4 18. cxd4 cxd4 19. Kb1 e5 20. Rc1 Kb8 21. Bc4 Be6 22. Nd2 Bxc4 23. Rxc4 Rc8 {½-½ Grischuk,A (2810)-Radjabov,T (2734) Beijing Sportaccord blitz 2014 (26)}) 9... Bd7 10. Bxc6 Bxc6 11. Ne5 Qc7 $146 ({RR} 11... Nd7 12. Nxc6 bxc6 13. Qa4 Qd6 14. dxc5 Nxc5 15. Qc2 h6 16. Rh4 Rd8 17. b4 Nd7 18. Qa4 Qc7 19. Nb3 O-O 20. Nd4 Nb8 21. Kf1 a6 22. Nb3 Qb6 23. Nc5 Qb5+ 24. Qxb5 axb5 25. a4 bxa4 26. Rxa4 {0-1 Saraiva Silva,L (1787)-Leao,F (1871) Maraba op 1st 2014 (5)}) ({RR} 11... Bd7 12. g4 cxd4 13. cxd4 Bb5 14. Qb3 Ba6 15. Qa4+ Nd7 16. b4 Bc4 17. Ndxc4 dxc4 18. Rc1 a6 19. Nxd7 b5 20. Qa5 Qxd7 21. a4 Qd5 22. Qc7 Qxg2 23. Ke2 O-O 24. Rcg1 Qe4 25. Qh2 Qd3+ 26. Ke1 {0-1 Kaminski,V (2247)-Mizzi,J (2051) Titled Tue 9th Apr Early 2024 (11)}) ({RR} 11... Bb5 12. Qb3 Bc6 13. g4 Nd7 14. Ndf3 Nf8 15. Nxc6 bxc6 16. Ne5 Rc8 17. dxc5 Ng6 18. Nxg6 fxg6 19. Qc2 O-O 20. b4 e5 21. O-O Qg5 22. c4 Qxg4 23. cxd5 Qxb4 24. d6 Rb8 25. Rab1 Qg4 26. Rxb8 {1-0 Gliksman,D (2320)-Sapi,L (2380) Budapest KPVDSZ Honved 1978 (12.6)}) 12. Qf3 h6 13. g4 Rf8 14. Qf4 cxd4 15. Qxd4 Qb6 16. O-O-O Qxd4 17. exd4 Bb5 18. Rde1 O-O-O 19. Rh3 Ne8 20. Rhe3 Nc7 21. f4 Be8 22. Ndf3 f6 23. Nd3 b6 24. f5 exf5 25. gxf5 g5 26. fxg6 Bxg6 27. Nf2 Rd7 28. Kd2 Rg7 29. Re7 Rgg8 30. Nh4 Kd8 31. R7e3 Bh7 32. b3 b5 33. Rf3 Rg5 34. g3 Ne8 35. Re6 Rfg8 36. Rfe3 Bb1 37. a4 bxa4 38. bxa4 R5g7 39. Nd3 Bxd3 40. Kxd3 Rg5 41. Ng2 Nc7 42. Rxf6 Rxg3 43. Nf4 Rxe3+ 44. Kxe3 Kd7 45. Rxh6 Rg3+ 46. Kd2 Rg4 47. Rh7+ Kd6 48. Rf7 a5 49. Kc2 Rg1 50. Rf6+ Kd7 51. Nd3 Rg2+ 52. Kb3 Rg3 53. Nc5+ Ke7 54. Rc6 Ne8 55. Re6+ Kd8 56. Ra6 Kc7 57. Ne6+ Kd7 58. Nf4 Nc7 59. Rxa5 Kd6 60. Rc5 Rf3 61. Rxc7 Kxc7 62. Nxd5+ Kd6 63. Kc4 Rf8 64. Nb4 Ra8 65. Kb3 Rh8 66. a5 Rh3 67. Kc4 Rh5 68. d5 Rh1 69. Kb5 Kc7 70. c4 Kb7 71. c5 Rh5 72. d6 Rg5 73. a6+ Ka7 74. d7 1-0